| 000 | 00685nam a22001935i 4500 | ||
|---|---|---|---|
| 001 | 172100 | ||
| 003 | ES-MaACL | ||
| 005 | 20231103062537.0 | ||
| 008 | 090615s1971 sp |||| | spa d | ||
| 100 | 1 |
_aSoboul, Albert. _9106991 |
|
| 245 | 1 | 4 |
_aLas clases sociales de la Revolución Francesa / _cAlbert Soboul ; [traducción: Valentina y Eugenio Fernánez Vargas]. |
| 260 |
_a[Madrid] : _bFundamentos, _c[1971] |
||
| 300 |
_a230 p. ; _c19 cm. |
||
| 651 | 4 |
_aFrancia- _xHistoria- _y1789-1799, Revolución _98685 |
|
| 700 | 1 |
_aFernández Vargas, Eugenio. _950146 |
|
| 700 | 1 |
_aFernández Vargas, Valentina. _950147 |
|
| 852 |
_aES-MaACL _jC-45804 _9R.78306 |
||
| 999 |
_c172100 _d172100 |
||